Top 180 Länder nach Einwohner - Statistiken

Allgemein
  • Dieses Quiz wurde 5 mal gespielt
  • Das Durchschnittsergebnis liegt bei 90 aus 180
Antwortstatistiken
Anzahl Einwohner (2022) Länder % Korrekt
103'500'000 Ägypten
100%
214'800'000 Brasilien
100%
1'436'600'000 China
100%
99'000'000 Demokratische Republik Kongo
100%
83'300'000 Deutschland
100%
1'417'200'000 Indien
100%
124'900'000 Japan
100%
22'600'000 Mali
100%
6'000'000 Republik Kongo
100%
144'300'000 Russland
100%
332'800'000 Vereinigte Staaten
100%
2'800'000 Albanien
67%
44'900'000 Algerien
67%
46'200'000 Argentinien
67%
3'000'000 Armenien
67%
10'200'000 Aserbaidschan
67%
123'400'000 Äthiopien
67%
25'800'000 Australien
67%
9'200'000 Belarus
67%
11'600'000 Belgien
67%
12'200'000 Bolivien
67%
3'400'000 Bosnien und Herzegowina
67%
6'800'000 Bulgarien
67%
1'980'000 Chile
67%
5'200'000 Costa Rica
67%
5'873'420 Dänemark
67%
1'100'000 Dschibuti
67%
6'300'000 El Salvador
67%
1'300'000 Estland
67%
5'600'000 Finnland
67%
65'800'000 Frankreich
67%
2'400'000 Gabun
67%
3'700'000 Georgien
67%
33'500'000 Ghana
67%
67'600'000 Grossbritannien
67%
800'000 Guyana
67%
275'500'000 Indonesien
67%
44'500'000 Irak
67%
88'600'000 Iran
67%
5'100'000 Irland
67%
400'000 Island
67%
58'900'000 Italien
67%
2'800'000 Jamaika
67%
33'700'000 Jemen
67%
11'200'000 Jordanien
67%
27'900'000 Kamerun
67%
38'800'000 Kanada
67%
19'200'000 Kasachstan
67%
54'000'000 Kenia
67%
3'800'000 Kroatien
67%
11'100'000 Kuba
67%
1'900'000 Lettland
67%
5'300'000 Liberia
67%
6'800'000 Libyen
67%
2'800'000 Litauen
67%
700'000 Luxemburg
67%
36'700'000 Marokko
67%
127'500'000 Mexiko
67%
600'000 Montenegro
67%
54'200'000 Myanmar
67%
30'900'000 Nepal
67%
6'700'000 Nicaragua
67%
17'700'000 Niederlande
67%
26'200'000 Niger
67%
218'500'000 Nigeria
67%
26'100'000 Nordkorea
67%
1'800'000 Nordmazedonien
67%
5'400'000 Norwegen
67%
4'600'000 Oman
67%
9'000'000 Österreich
67%
9'300'000 Papua-Neuguinea
67%
6'800'000 Paraguay
67%
33'400'000 Peru
67%
38'000'000 Polen
67%
10'300'000 Portugal
67%
13'800'000 Ruanda
67%
36'700'000 Saudi-Arabien
67%
10'500'000 Schweden
67%
8'800'000 Schweiz
67%
6800'000 Serbien
67%
5'500'000 Singapur
67%
5'400'000 Slowakei
67%
2'100'000 Slowenien
67%
17'600'000 Somalia
67%
47'400'000 Spanien
67%
60'600'000 Südafrika
67%
51'600'000 Südkorea
67%
600'000 Suriname
67%
10'000'000 Tadschikistan
67%
66'800'000 Thailand
67%
8'800'000 Togo
67%
17'700'000 Tschad
67%
10'500'000 Tschechien
67%
85'200'000 Türkei
67%
6'400'000 Turkmenistan
67%
47'200'000 Uganda
67%
41'000'000 Ukraine
67%
9'700'000 Ungarn
67%
3'600'000 Uruguay
67%
35'600'000 Usbekistan
67%
41'100'000 Afghanistan
33%
35'600'000 Angola
33%
100'000 Antigua und Barbuda
33%
1'700'000 Äquatorialguinea
33%
171'200'000 Bangladesch
33%
400'000 Belize
33%
13'400'000 Benin
33%
22'700'000 Burkina Faso
33%
18'000'000 Ecuador
33%
28'200'000 Elfenbeinküste
33%
3'700'000 Eritrea
33%
1'200'000 Eswatini
33%
900'000 Fidschi
33%
2'700'000 Gambia
33%
10'600'000 Griechenland
33%
17'800'000 Guatemala
33%
13'900'000 Guinea
33%
2'100'000 Guinea-Bissau
33%
11'600'000 Haiti
33%
9'600'000 Honduras
33%
9'500'000 Israel
33%
16'800'000 Kambodscha
33%
2'700'000 Katar
33%
6'800'000 Kirgistan
33%
49'100'000 Kolumbien
33%
800'000 Komoren
33%
4'100'000 Kuwait
33%
7'500'000 Laos
33%
2'300'000 Lesotho
33%
5'500'000 Libanon
33%
29'600'000 Madagaskar
33%
32'700'000 Malaysia
33%
500'000 Malta
33%
4'700'000 Mauretanien
33%
3'400'000 Mongolei
33%
33'000'000 Mosambik
33%
2'600'000 Namibia
33%
5'100'000 Neuseeland
33%
1'300'000 Osttimor
33%
235'800'000 Pakistan
33%
4'400'000 Panama
33%
115'600'000 Philippinen
33%
19'000'000 Rumänien
33%
20'000'000 Sambia
33%
200'000 São Tomé und Príncipe
33%
17'900'000 Senegal
33%
8'700'000 Sierra Leone
33%
16'300'000 Simbabwe
33%
22'400'000 Sri Lanka
33%
46'900'000 Sudan
33%
10'900'000 Südsudan
33%
22'100'000 Syrien
33%
65'500'000 Tansania
33%
1'400'000 Trinidad und Tobago
33%
11'800'000 Tunesien
33%
28'300'000 Venezuela
33%
9'400'000 Vereinigte Arabische Emirate
33%
99'400'000 Vietnam
33%
1'300'000 Zypern
33%
400'000 Bahamas
0%
1'500'000 Bahrain
0%
300'000 Barbados
0%
800'000 Bhutan
0%
2'600'000 Botswana
0%
400'000 Brunei
0%
12'900'000 Burundi
0%
11'200'000 Dominikanische Republik
0%
100'000 Grenada
0%
600'000 Kap Verde
0%
100'000 Kiribati
0%
20'400000 Malawi
0%
600'000 Malediven
0%
1'300'000 Mauritius
0%
3'500'000 Moldau
0%
700'000 Salomonen
0%
200'000 Samoa
0%
200'000 St. Lucia
0%
23'200'000 Taiwan
0%
300'000 Vanuatu
0%
5'600'000 Zentral­afrikanische Republik
0%
Keine übereinstimmenden Quizze gefunden
Verteilung der Resultate
Anzahl Personen mit jedem Resultat
Perzentil nach korrekt beantworteten Fragen
Ihre Resultats-Entwicklung
Sie haben dieses Quiz noch nicht gespielt